Estudio evaluativo de sistemas de conocimiento del ingenio Benjamín Zeledón
Presenta una evaluación del sistema de cocimiento del Ingenio Benjamín Zeledón en base a la media de todos los parámetros de operación reportados en la hoja diaria del laboratorio del Ingenio. Con el objetivo de comprobar la necesidad de cambiar el sistema de cocimiento y/o mejorarlo.
| Main Author: | |
|---|---|
| Other Authors: | |
| Format: | Tesis Section = Libro |
| Language: | Undetermined Spanish |
| Published: |
Managua
UCA
1985
|
| Subjects: |
| LEADER | 00958nam a2200217Ia 4500 | ||
|---|---|---|---|
| 008 | 240830s9999 xx 000 0 und d | ||
| 040 | |a BIBLIOTECA-RUSB/ Mon 660 V422 | ||
| 041 | |a spa | ||
| 082 | |a Mon 660 V422 | ||
| 100 | 1 | |a Vega Vargas, Virginia | |
| 245 | 1 | 0 | |a Estudio evaluativo de sistemas de conocimiento del ingenio Benjamín Zeledón |
| 260 | |a Managua |b UCA |c 1985 | ||
| 300 | |a 150 p. :il. | ||
| 502 | |a Tesis (Ingeniero Químico Industrial) - UCA, 1985. | ||
| 520 | 3 | |a Presenta una evaluación del sistema de cocimiento del Ingenio Benjamín Zeledón en base a la media de todos los parámetros de operación reportados en la hoja diaria del laboratorio del Ingenio. Con el objetivo de comprobar la necesidad de cambiar el sistema de cocimiento y/o mejorarlo. | |
| 650 | 7 | |a QUIMICA INDUSTRIAL Y TECNICAS AFINES | |
| 650 | 7 | |b INGENIERIA QUIMICA | |
| 700 | 1 | |a Tutor: |b Gómez Rodríguez, Luis | |
| 942 | |c BK |2 ddc | ||
| 991 | |a TESIS | ||
| 999 | |c 20630 | ||